El quark y el jaguar aventuras en lo simple y lo complejo (Registro nro. 58553)

Detalles MARC
000 -ENCABEZADO
Número de control [NR] 01043nam a2200301Ia 4500
008 - DE LONGITUD FIJA DE DATOS DE ELEMENTOS - INFORMACIÓN GENERAL
Elementos de longitud fija [NR] 130821s2007 sp gr spa
020 ## - NUMERO INTERNACIONAL NORMALIZADO PARA LIBROS [R]
Número Internacional Normalizado del libro [NR] 9788472238442
040 ## - FUENTE DE CATALOGACION [NR]
Agencia de catalogación original [NR] Co-BoUCM
Idioma de catalogación [NR] spa
041 00 - CODIGO DE IDIOMA [R]
Código de idioma para texto/pista de sonido o título separado [R] Español
100 1# - ASIENTO PRINCIPAL--NOMBRE PERSONAL [NR]
Nombre personal [NR] Gell-Mann, Murray
245 13 - MENCION DE TITULO [NR]
Título [NR] El quark y el jaguar aventuras en lo simple y lo complejo
Mención de responsabilidad, etc. [NR] Murray Gell-Mann ; traducción de Ambrosio García y Romualdo Pastor
250 ## - MENCION DE EDICION [NR]
Mención de edición [NR] 6a ed.
260 ## - PUBLICACION, DISTRIBUCION, ETC. (PIE DE IMPRENTA) [R]
Lugar de publicación, distribución, etc. [R] Barcelona (España)
Nombre del editor, distribuidor, etc. [R] Tusquets Editores
Fecha de publicación, distribución, etc. [R] 2007
300 ## - DESCRIPCION FISICA [R]
Extensión [R] 413 páginas
490 0# - MENCION DE SERIE [R]
Mención de serie [R] Metatemas
Designación numérica/secuencial del volumen [NR] 38
500 ## - NOTA GENERAL [R]
Nota general [NR] Incluye índice.
586 ## - NOTA DE PREMIOS [R]
Nota de premios [NR] Premio Nobel de Física, 1969.
650 04 - ASIENTO SECUNDARIO DE MATERIA - TERMINO TEMATICO [R]
Término temático o nombre geográfico como elemento de entrada [NR] Ciencias naturales
9 (RLIN) 10813
650 04 - ASIENTO SECUNDARIO DE MATERIA - TERMINO TEMATICO [R]
Término temático o nombre geográfico como elemento de entrada [NR] Filosofía de la física
9 (RLIN) 15761
650 04 - ASIENTO SECUNDARIO DE MATERIA - TERMINO TEMATICO [R]
Término temático o nombre geográfico como elemento de entrada [NR] Filosofía de la naturaleza
9 (RLIN) 7623
650 04 - ASIENTO SECUNDARIO DE MATERIA - TERMINO TEMATICO [R]
Término temático o nombre geográfico como elemento de entrada [NR] Física cuántica
9 (RLIN) 15910
650 04 - ASIENTO SECUNDARIO DE MATERIA - TERMINO TEMATICO [R]
Término temático o nombre geográfico como elemento de entrada [NR] Teoría cuántica
9 (RLIN) 25259
700 1# - ASIENTO SECUNDARIO - NOMBRE PERSONAL [R]
Nombre personal [NR] García, Ambrosio
Término de relación [R]
700 1# - ASIENTO SECUNDARIO - NOMBRE PERSONAL [R]
Nombre personal [NR] Pastor, Romualdo
Término de relación [R]
765 ## - ASIENTO DE IDIOMA ORIGINAL [R]
Título [NR] The quark and the jaguar
942 ## - ELEMENTOS DE ENTRADA AGREGADOS (KOHA)
Tipo de ítem principal el descrito en 300a Libro
Tema principal Ciencias puras
Edición 6
Parte restante de la signatura top. G318q
Sistema de clasificación DEWEY
Clasificación 539.01
Existencias
Fecha de último préstamo Total préstamos Total Renewals Signatura topográfica Código de barras Última vez visto Volúmen / Fascículo Ejemplar Price effective from Tipo de ítem Perdido Sistema de clasificación Dañado No prestable Tipo de ítem específico Suprimido Ubicación habitual Ubicación actual Localización Fecha de creación Forma de adquisición Costo
10/04/2018 31 5 539.01 G318q 100101847 04/12/2025 6a.Ed. Ej.2 03/02/2013 Libro   DEWEY     Libro   Claustro Claustro 4to piso 30/09/2009 Compra 91500.00
21/06/2010 18   539.01 G318q 100094883 04/12/2025 6a. Ed. Ej.1 03/02/2013 Libro   DEWEY     Libro   Claustro Claustro 4to piso 30/09/2008 Compra 84500.00